00470nam a2200181 a 4500001001300000003000900013005001700022008004100039020001000080082001500090100002100105245004600126260004200172300000900214500003500223505001000258650002000268nice12345678IN_TiNIC20260116013753.0050524s1998 newa grp 000 0 eng  ac12000a297.2bTAB aTabbarah, Afif A aSpirit of Islamb Doctrines and Teachings aNew DelhibIslamic Book Servicec1998 a479p aincludes index and biblioraphy2 aNotes aIslam-Doctrines